00371nam a22001097a 4500003000400000082002200004245014800026260004100174300001000215546001200225700002400237OSt aINDIA/S&T/1988-99 aDirectory of extramural research & development projects approved for funding by selected central government agencies/departments during 1998-99 aNew DelhibGovernment of Indiac2001 a224p. aEnglish aGovernment of India